000 00305nam a22001097a 4500
040 _cRUA
082 _aMRC AUG 2013 C011 Or.
245 _aThe Stationary Trawl(Dai)Fishery of the Tonle Sap-Great Lake System Cambodia.
260 _aphnom penh
_brua
_c2013
300 _axxiv.142p.
_bill.
_c29cm.
942 _cREC
999 _c22170
_d22170